000 00598nam a2200217Ii 4500
003 JO-AjNU
008 230606s9999||||xx |||||||||||||| ||und||
020 _a978-1-5264-2112-6
040 _aJO-AjNU
_beng
_erda
_cJO-AjNU
041 _aeng
050 1 4 _aHQ767.9. M.47 2018
100 3 _aMERCER,JEAN,
_eauthor
_96232
245 0 0 _aCHILD DEVLOPMENT concepts & THEORIES
250 _a1ed
264 3 1 _aNew Delhi:London,2018
300 _a240p
336 _atext
_btxt
_2rdacontent
337 _aunmediated
_bn
_2rdamedia
338 _avolume
_bnc
_2rdacarrier
650 4 _aCHILD DEVLOPMENT
_96233
999 _aE3234
_c3230
_d3230